Statistics for Tony Award Best Leading Actress in a Musical

Click here to take the quiz!

General Stats

  • This quiz has been taken 519 times
    (259 since last reset)
  • The average score is 30 of 74

Answer Stats

YearMusicalAnswer% Correct
2004WickedIdina Menzel
80%
1980EvitaPatti LuPone
78%
2008GypsyPatti LuPone
78%
2002Thoroughly Modern MillieSutton Foster
78%
2011Anything GoesSutton Foster
78%
1986Song and DanceBernadette Peters
69%
1999Annie Get Your GunBernadette Peters
69%
2017Hello, Dolly!Bette Midler
69%
2012Porgy and BessAudra McDonald
68%
1969Dear WorldDame Angela Lansbury
66%
1975GypsyDame Angela Lansbury
66%
1979Sweeney ToddDame Angela Lansbury
66%
1966MameDame Angela Lansbury
66%
1978The ActLiza Minnelli
66%
1965Flora the Red MenaceLiza Minnelli
66%
2016The Color PurpleCynthia Erivo
59%
1995Sunset BoulevardGlenn Close
57%
2014Beautiful: The Carole King MusicalJessie Mueller
57%
2015The King and IKelli O'Hara
57%
2010A Little Night MusicCatherine Zeta-Jones
55%
2019The Cher ShowStephanie J. Block
54%
1991Miss SaigonLea Salonga
51%
1964Hello, DollyCarol Channing
50%
1993Kiss of the Spider WomanChita Rivera
50%
1984The RinkChita Rivera
50%
1982DreamgirlsJennifer Holliday
50%
1955Peter PanMary Martin
47%
1960The Sound of MusicMary Martin
47%
1950South PacificMary Martin
47%
1951Call Me MadamEthel Merman
45%
2009Next to NormalAlice Ripley
43%
2013PippinPatina Miller
43%
1956Damn YankeesGwen Verdon
42%
1958New Girl in TownGwen Verdon
42%
1959RedheadGwen Verdon
42%
1957Bells are RingingJudy Holliday
41%
1998CabaretNatasha Richardson
41%
2018The Band's VisitKatrina Lenk
40%
1997ChicagoBebe Neuwirth
38%
2000AidaHeather Headley
36%
1988Into the WoodsJoanna Gleason
36%
1970ApplauseLauren Bacall
36%
1981Woman of the YearLauren Bacall
36%
200142nd StreetChristine Ebersole
35%
2007Grey GardensChristine Ebersole
35%
1994PassionDonna Murphy
35%
1996The King and IDonna Murphy
35%
1990GypsyTyne Daly
34%
2006The Color PurpleLaChanze
33%
1973A Little Night MusicGlynis Johns
32%
2003HairsprayMarissa Jaret Winokur
31%
2005The Light in the PiazzaVictoria Clark
30%
1952The King and IGertrude Lawrence
27%
1972FolliesAlexis Smith
25%
1976A Chorus LineDonna McKechnie
25%
1977AnnieDorothy Loudon
24%
1992Guys and DollsFaith Prince
23%
1968Hallelujah, BabyLeslie Uggams
20%
1953Wonderful TownRosalind Russell
19%
1967The Apple TreeBarbara Harris
17%
1962No StringsDiahann Carroll
14%
1963TovarichVivien Leigh
14%
1989Black and BlueRuth Brown
13%
1949Love LifeNanette Fabray
11%
1962CarnivalAnna Maria Alberghetti
10%
1954Carnival in FlandersDolores Gray
9%
1958New Girl in TownThelma Ritter
9%
1961Irma La DouceElizabeth Seal
7%
1968Darling of the DayPatricia Routledge
7%
1948Angel in the WingsGrace Hartman
6%
1987Me and My GirlMaryann Plunkett
6%
1983On Your ToesNatalia Makarova
6%
1974RaisinVirginia Capers
6%
1971No, No, NanetteHelen Gallagher
5%

Score Distribution

Percentile by Number Answered

Percent of People with Each Score

Your Score History

You have not taken this quiz since the last reset